|
|
|
|
| LEADER |
00000n m0a2200000 4500 |
| 001 |
285940 |
| 005 |
20231101235838.0 |
| 035 |
|
|
|a (RuTPU)RU\TPU\book\310227
|
| 090 |
|
|
|a 285940
|
| 100 |
|
|
|a 20150302d1985 km y0rusy50 ca
|
| 101 |
0 |
|
|a rus
|
| 102 |
|
|
|a RU
|
| 105 |
|
|
|a a z 001zy
|
| 200 |
1 |
|
|a Измерительно-вычислительные устройства в теплоэнергетике
|f Е. А. Шорников
|
| 205 |
|
|
|a 3-е изд., перераб. и доп.
|
| 210 |
|
|
|a Ленинград
|c Энергоатомиздат
|d 1985
|
| 215 |
|
|
|a 88 с.
|c ил.
|
| 320 |
|
|
|a Библиогр.: с. 87-88
|
| 606 |
1 |
|
|a Теплоэнергетика
|x Производство
|2 stltpush
|3 (RuTPU)RU\TPU\subj\59826
|9 77323
|
| 610 |
1 |
|
|a измерительно-вычислительные устройства
|
| 610 |
1 |
|
|a контролируемые величины
|
| 610 |
1 |
|
|a определение
|
| 610 |
1 |
|
|a методы
|
| 610 |
1 |
|
|a обработка данных
|
| 610 |
1 |
|
|a расходомеры
|
| 610 |
1 |
|
|a теплометрия
|
| 675 |
|
|
|a 621.1.002
|v 3
|
| 700 |
|
1 |
|a Шорников
|b Е. А.
|g Евгений Алексеевич
|
| 801 |
|
1 |
|a RU
|b 63413507
|c 20150302
|
| 801 |
|
2 |
|a RU
|b 63413507
|c 20180328
|g RCR
|
| 942 |
|
|
|c BK
|